000
00270nam a2200121Ia 4500
100
_a
Robbins
942
_c
BK
654
_a
Orgrnizational Bheavior
245
_a
Orgrnizational Bheavior
260
_b
prentice hall
_a
New Delhi
_c
1985
300
_a
564
546
_a
ENGLISH
999
_c
20422
_d
20422